| 000 | 00511nam a2200181Ia 4500 | ||
|---|---|---|---|
| 003 | GCL | ||
| 008 | 140319s9999 xx 000 0 eng d | ||
| 040 |
_aGCL / _cGCL |
||
| 082 | 0 | 4 |
_a315.6 _bM A |
| 100 | 1 | _aMCCARTHY, JUSTIN | |
| 245 | 1 | 0 |
_aTHE ARAB WORLD ,TURKEY AND THE BALKANS(1878-1914):A HANDBOOK OF HISTORICAL STATISTICS / _cMCCARTHY, JUSTIN |
| 260 |
_a[S.N] : _bG.K. HALL AND CO. ، _c1982 |
||
| 300 | _a309 P | ||
| 650 | 0 | 4 | _aSTATISTICS |
| 650 | 0 | 4 | _aTURKEY |
| 650 | 0 | 4 | _aNEAR EAST |
| 942 |
_2ddc _cBK |
||
| 999 |
_c12304 _d12304 |
||